| 000 | 00987nam a2200325Ia 4500 | ||
|---|---|---|---|
| 003 | OSt | ||
| 005 | 20220912150326.0 | ||
| 006 | a|||||r|||| 00| 0 | ||
| 007 | ta | ||
| 008 | 220909b |||||||| |||| 00| 0 eng d | ||
| 020 | _a039392467X (hbd) | ||
| 024 | _a16237 | ||
| 037 | _b228, 23/11/2005, Ashutosh Technical Books | ||
| 037 | _cTextbook | ||
| 040 |
_aCSL _beng _cCSL |
||
| 041 | _aeng | ||
| 082 | _aH3, P4 TH | ||
| 100 | _aVan der Pluijm Ben A | ||
| 245 | 0 | _aEarth structure: An introduction to structural geology and tectonics | |
| 250 | _a2 | ||
| 260 |
_aNew York _b W W Norton & Company _c2004 |
||
| 300 | _axvi,656p | ||
| 500 | _aAppendix 1-2 628-631p; Index 641-656p | ||
| 650 | _a Plate tectonics | ||
| 650 | _a Strctural geology | ||
| 650 | _aGeology | ||
| 700 | _a Marshak Stephen | ||
| 942 |
_hH3, P4 TH _cTB _2CC |
||
| 999 |
_c44956 _d44956 |
||